La risa / Henri Bergson ; Amalia Aydée Raggio, Traductor (Registro nro. 42127)
[ vista simple ]
| 000 -LÍDER | |
|---|---|
| Campo fijo de descripción fija | 008120000a22002050004500 |
| 020 ## - NÚMERO INTERNACIONAL NORMALIZADO PARA LIBROS | |
| Número Internacional Normalizado del libro | 84-7530-333-1 |
| 041 0# - CÓDIGO DE IDIOMA | |
| Código de idioma para texto/pista de sonido o título separado | |
| 082 04 - NÚMERO DE CLASIFICACIÓN DECIMAL DEWEY | |
| Número de clasificación | G 157.224 B4997r |
| 001 - NÚMERO DE CONTROL | |
| Campo de control | 13136 |
| 100 1# - ASIENTO PRINCIPAL--NOMBRE PERSONAL | |
| Nombre personal | Bergson, Henri (Louis) (1859–1941) |
| 245 10 - TÍTULO | |
| Título del Material | La risa / Henri Bergson ; Amalia Aydée Raggio, Traductor |
| 260 ## - PUBLICACIÓN, DISTRIBUCIÓN, ETC. (PIE DE IMPRENTA) | |
| Lugar de publicación, distribución, etc. | Madrid : Orbis |
| 300 ## - DESCRIPCIÓN FÍSICA | |
| Extensión | 137 Pag |
| 336 ## - CONTENT TYPE | |
| Content type term | texto |
| Content type code | txt |
| Source | rdacontent |
| 337 ## - MEDIA TYPE | |
| Source | rdamedia |
| Media type term | sin mediación |
| Media type code | n |
| 338 ## - CARRIER TYPE | |
| Source | rdacarrier |
| Carrier type term | volumen |
| Carrier type code | nc |
| 500 ## - NOTA GENERAL | |
| Nota General | Título original : Le rire |
| 505 00 - NOTA DE CONTENIDO | |
| Nota de contenido con formato preestablecido | de lo cómico en general -- lo cómico de las formas y lo cómico de los movimientos -- fuerza expansiva de lo cómico -- lo cómico de situación y lo cómico verbal -- lo cómico de los caracteres -- de las definiciones de lo cómico y del método seguido en este libro |
| 942 ## - TIPO DE MATERIAL (KOHA) | |
| Tipo de Item KOHA | Libros General |
| Estado de Material | Estado de Perdido | Estado de Dañado | No para Préstamo | Colección | Tomo | Biblioteca de Origen | Biblioteca Permanente | Fecha de Adquisición | Total de Préstamos | Signatura Topográfica | Código de Barras | Última vez visto | Ejemplar/Existencia | Fecha de Remplazo | Tipo de Material |
|---|---|---|---|---|---|---|---|---|---|---|---|---|---|---|---|
| Colección General | Biblioteca FUSBC | Biblioteca FUSBC | 21/10/2005 | G 157.224 B4997r | 11205 | 12/12/2019 | 1 | 26/01/2016 | Libros General |
